000 00628nam a2200229 a 4500
001 1008051
005 20180212033040.0
008 870810s1988 caua b 001 0 eng
010 _a 87082395
020 _a0155741039
040 _aDLC
_cDLC
_dDLC
041 _aeng
080 _a658.562 AFT
082 0 0 _a658.562 AFT
_219
100 1 _a55
101 _aSTA
245 1 0 _aQuality improvement using statistical process control /
_cLawrence S. Aft.
504 _aBibliography: p. 379-389.
906 _a7
_bcbc
_corignew
_d2
_eopcn
_f19
_gy-gencatlg
942 _2ddc
_cBK
999 _c42287
_d42287